Sports Quiz

Random Sports or NFL Quiz
Score 0/14 Timer 03:00
0 Plays Today
% Correct
Score
89.1%
Incomplete pass
87.3%
When the ball is out of bounds
80%
Penalty
78.2%
Time out
76.4%
Injury
60%
Coach's challenge
52.7%
% Correct
End of the quarter/end of the half
50.9%
Change of possession
49.1%
Two-minute warning
41.8%
When the kicking team recovers a scrimmage kick beyond the line of scrimmage that has been touched by the receiving team beyond the line
38.2%
Measurement
14.5%
At the end of a down in which there is a free kick or fair-catch kick
5.5%
Ball change
1.8%
Remove Ads.
Support Sporcle.
Get the best of Sporcle when you Go Orange. This ad-free experience offers more features, more stats, and more fun while also helping to support Sporcle. Thank you for becoming a member.

You're not logged in!

Compare scores with friends on all Sporcle quizzes.
OR
Log In

Show Comments

Extras

Created Dec 2, 2016SourceReportNominate
Tags:NFL Quiz, clock, stop

Top Quizzes Today


Score Distribution

Your Account Isn't Verified!

In order to create a playlist on Sporcle, you need to verify the email address you used during registration. Go to your Sporcle Settings to finish the process.

Report this User

Report this user for behavior that violates our Community Guidelines.

Details: